Statistics for Fish of the Ohio River

Click here to take the quiz!

General Stats

  • This quiz has been taken 35 times
  • The average score is 10 of 36

Answer Stats

Answer% Correct
Largemouth Bass
83%
Smallmouth Bass
83%
Bluegill
61%
Walleye
57%
Northern Pike
52%
Muskellunge
48%
Yellow Perch
48%
Channel Catfish
43%
Common Carp
43%
Green Sunfish
43%
Pumpkinseed
43%
Black Crappie
30%
Blue Catfish
30%
Longnose Gar
30%
Shortnose Gar
30%
Spotted Gar
30%
White Crappie
30%
Striped Bass
26%
White Bass
26%
Flathead Catfish
17%
Paddlefish
17%
Bigmouth Buffalo
13%
Black Buffalo
13%
Rock Bass
13%
Smallmouth Buffalo
13%
Yellow Bass
13%
Freshwater Drum
9%
Gizzard Shad
9%
Silver Lamprey
9%
Spotted Bass
9%
White Catfish
9%
Hybrid Bass (White Bass x Striped Bass)
4%
Logperch
4%
Sauger
4%
Warmouth
4%
Mooneye
0%

Score Distribution

Percentile by Number Answered

Percent of People with Each Score

Your Score History

You have not taken this quiz